00342nam a2200133Ia 4500008004100000020001500041041001200056082001600068100001800084245004400102260003800146300000800184650001600192221030s9999 xx 000 0 und d a9812402012 aEnglish a105.23bBro aJ. G. Bronson 2aA First Book of ANSICcby J. G. Bronson bThomson LearningaSingaporec2001 a750 aBE Computer